Multiple Choice History Slideshow Quiz Stats

 Plays Quiz Updated Mar 11, 2015

Challenge
Share
Tweet
Score 0/20 Timer 06:00
3 Plays Today
% Correct
Kennedy is #4 (others were Lincoln, Garfield, McKinley)
99.4%
van Gogh is #3 (others were Rothko, Gorky, Kirchner)
93.1%
Himeji-jō is #1 (others were Buda Castle, Durham Castle, Bahla Fort)
86.5%
France is #2 (others were Peru, Ireland, Nigeria)
76.2%
The Gulf War is #4 (others were World War II, Vietnam, Falklands)
75.5%
Messerschmitt is #3 (others were Mustang, Spitfire, Mitsubishi A6M Zero)
67.5%
Suu Kyi is #1 (others were Malala Yousafzai, Shirin Ebadi, Tawakkul Karman)
65.7%
Gillard is #2 (others were Campbell, Thatcher, Tymoshenko)
52.4%
Abu Simbel is #2 (others were Sphinx, Karnak Temple, Giza Pyramids)
47.9%
Atatürk is #1 (others were Muhammad Ali Jinnah, Mujibur Rahman, Kim Il-sung)
46.8%
% Correct
Boutros-Ghali is #4 (others were Trygve Lie, U Thant, Pérez de Cuéllar)
44.9%
Macmillan is #2 (others were Eden, Balfour, Cameron)
44.8%
Tenerife Airport is #4 (others were Hindenburg, Chernobyl, Hillsborough)
42.3%
The Holy Roman Empire is #3 (others were Ottoman, Roman, Austo-Hungarian)
42.2%
The Telephone (1876) is #3 (others were Biro, Car, Teddy Bear)
34.9%
Argentina is #1 (others were Spain, Algeria, India)
33.5%
Saltire is #1 (others were Chevron, Fess, Pale)
32.2%
Caligula is #3 (others were Augustus, Nero, Tiberius)
30.3%
Finland is #3 (others were Sweden, Denmark, Norway)
29.9%
Donatello is #1 (others were Michelangelo, Bernini, Verrocchio)
25.6%

You're not logged in!

Compare scores with friends on all Sporcle quizzes.
Join for Free
OR
Log In

You Might Also Like...

Show Comments

Extras

Top Quizzes Today


Score Distribution

Your Account Isn't Verified!

In order to create a playlist on Sporcle, you need to verify the email address you used during registration. Go to your Sporcle Settings to finish the process.

Report this User

Report this user for behavior that violates our Community Guidelines.

Details: